Normal view
MARC view
Entry Topical Term
001 - CONTROL NUMBER
- control field: 14284
003 - CONTROL NUMBER IDENTIFIER
- control field: ARRUPE
005 - DATE AND TIME OF LATEST TRANSACTION
- control field: 20150120131656.0
008 - FIXED-LENGTH DATA ELEMENTS
- fixed length control field: 150120|| aca||aabn | a|a d
040 ## - CATALOGING SOURCE
- Original cataloging agency: ARRUPE
- Transcribing agency: ARRUPE
150 ## - HEADING--TOPICAL TERM
- Topical term or geographic name as entry element: Science
- General subdivision: Philosophy.
670 ## - SOURCE DATA FOUND
- Source citation: Work cat.: (ARRUPE)0: Whittaker, E. T. (Edmund Taylor), 1873-1956. 14283, From Euclid to Eddington :, 1958.